Návrh modelu kalkulácií podľa čiastkových činností (ABC) diplomová práca

Salvato in:
Dettagli Bibliografici
Autore principale: Škurla, Rastislav
Ente Autore: Podnikovohospodárska fakulta EU so sídlom v Košiciach. Katedra účtovníctva a financií
Altri autori: Neufeld, Juraj, 1946-
Natura: Libro
Lingua:slovacco
Pubblicazione: Košice 2009
Tags: Aggiungi Tag
Nessun Tag, puoi essere il primo ad aggiungerne!!

MARC

LEADER 00000nam$a2200000$$$4500
001 0098688
005 20240320075217.6
041 0 |a slo 
044 |a SK 
245 1 0 |a Návrh modelu kalkulácií podľa čiastkových činností (ABC)  |b diplomová práca  |c Rastislav Škurla ; škol. Juraj Neufeld 
264 1 |a Košice  |c 2009 
300 |a 73 s. 
100 1 |a Škurla, Rastislav 
700 1 |a Neufeld, Juraj, 1946- 
710 2 |a Podnikovohospodárska fakulta EU so sídlom v Košiciach. Katedra účtovníctva a financií